000 00379nam a2200157Ia 4500
008 151213s9999 xx 000 0 und d
100 _aDonald R. Cooper
245 _aBusiness Research Methods
_cDonald R. Cooper
250 _a9th
260 _aDelhi
_bII
_c2006
300 _a4184 p.
650 _aBusiness
650 _aBusiness
700 _aDonald R. Cooper
999 _c2609
_d2609